Statistics for Srpski praznici i običaji

Click here to take the quiz!

General Stats

  • This quiz has been taken 414 times
  • The average score is 24 of 30

Answer Stats

QuestionAnswer% Correct
Sa kojim praznikom se poklapa Dan Zaljubljenih ili Valentinovo?Sv. Trifunom
96%
Kada se slavi Sveti Sava?27. januara
95%
Kada se slavi Badnji dan?6. januara
94%
Kada se po pravilu posti u mesecu januaru?Na Badnji dan
92%
Koja je školska slava?Sveti Sava
92%
Na koji dan u nedelji svake godine pada Uskrs?Nedelju
90%
Šta ne bismo trebali da jedemo za vreme posta?Hranu životinjskog porekla
88%
Šta je osnovni elemenat na slavi osim slavskog kolača, žita i vina?Sveća
87%
Kada se deo čovekove kose odreže i stopi sa voskom od sveće govorimo o...krštenju
86%
Koja slava je po pravilu posna?Sveti Nikola
86%
Koji dan nije post?Uskrs
85%
Kada se slavi Sveti Jovan?20. januara
84%
Po crkvenim običajima šta žena mora imati na sebi pri ulasku u crkvu?Maramu
84%
Na koji dan se zamišlja želja u ponoć?Na Bogojavljenje
84%
Kod sveca kažemo da smo razljutili kada grmi?Svetog Iliju
84%
Kada se slavi Đurđevdan?6. maja
83%
Kada se slavi Sveti prorok Ilija?2. avgusta
80%
Koja vrsta drveta je Badnjak?Hrast
80%
Kada se slama unosi u kuću?Na Badnje veče
79%
Na koji dan je Arhangel Gavrilo javio vest Presvetoj Bogorodici da će roditi Isusa Hrista?Na Blagovesti
78%
Kada se farbaju jaja?Na Veliki Petak
77%
Koliko dana pre Uskrsa počinje post?40 dana
76%
Koji mesec je ceo postan?Decembar
73%
Šta simbolizuju delovi koji sačinjavaju brojanicu?Broj godina Isusa Hrista
71%
Sta je nafora?Pričesni hleb
70%
Kada svatovi dođu po mladu, mladoženja ne može ući u dvorište dok ne...skine jabuku s krova
68%
Za kog sveca crkva vezuje Vidovdan?Svetog Cara Lazara
51%
Koji dan pada na 40. dan posle Hristovog rođenja?Sretenje Gospodnje
50%
Šta se ovnu stavlja na rogove na svadbi?Jabuke
45%
Šta se vrši za upokojenje duša naših najbližih?Parastos
44%

Score Distribution

Percentile by Number Answered

Percent of People with Each Score

Your Score History

You have not taken this quiz